000 00723nab a2200229u 4500
001 23308
003 HDC
007 c| |||a|c|aaaa
008 210316b20151117my ||||| |||| 00| 0 may d
040 _aHDC
245 0 _aProses dapat sijil halal sedikit rumit
336 _atext
_2rdacontent
337 _acomputer
_2rdamedia
338 _aonline resource
_2rdacarrier
650 _ahalal certificate
_9482
650 _aimport and export process
_919956
710 _aHARIAN METRO
856 _zRequest full-text at [email protected]
942 _2lcc
942 _cNEWS
942 _kNWSC 005138
999 _c20624
_d20624